| 000 | 01139cam a22002651i 4500 | ||
|---|---|---|---|
| 003 | SA-RiAUC | ||
| 005 | 20250427085358.0 | ||
| 008 | 250425s1998 su g b 00000 ara c | ||
| 040 |
_aSA-JeKAU _bara _cSA-RiAUC _erda |
||
| 082 | 0 | 4 | _a259 |
| 090 |
_a259 _b ر ب ي |
||
| 100 | 1 |
_aالربيعة، عبد العزيز بن عبد الرحمن بن علي، _d1361 هجري- _eمؤلف. |
|
| 245 | 1 | 2 |
_aالمفتي في الشريعة الإسلامية وتطبيقاته في هذا العصر / _cتأليف عبد العزيز بن عبد الرحمن بن علي الربيعة. |
| 250 | _aالطبعة الثالثة. | ||
| 264 | 1 |
_aالرياض : _bعبد العزيز بن عبد الرحمن بن علي الربيعة، _c1997 |
|
| 300 |
_a74 صفحة ؛ _c24 سم |
||
| 336 |
_aنص _btxt _2rdacontent _3كتاب |
||
| 337 |
_aبدون وسيط _bn _2rdamedia |
||
| 338 |
_aمجلد _bnc _2rdacarrier |
||
| 504 | _aببليوجرافية : صفحة 53-57. | ||
| 650 | 7 |
_aالإفتاء _2aucsh |
|
| 650 | 7 |
_aالشريعة الإسلامية _2aucsh |
|
| 942 |
_2ddc _cBOOK _n0 |
||
| 949 |
_aSA-JeALM _d250425 _umohamedma123 _n1 |
||
| 999 |
_c7396 _d7396 |
||